00401nam a2200157Ia 45000010006000000050017000060080041000230410008000640820017000721000030000892450071001192600009001903000028001996500008002276540008002351990520260306172727.0260306t2011||||xx |||||||||||||| ||spa|| aESP a341.4bCH548 aChiassoni, PierluigieAUT 0aTécnicas de interpretación jurídica. Breviario para juristas c2011 a366 páginas :c23 cm. aGEN aCDE